000 00825nam a2200253 i 4500
001 000022044
003 DO-SdBNP
005 20250903090830.0
008 100916s1974 dr 000 0 spa d
040 _aDO-SdBNP
_bspa
_cBNPHU
049 _aBNPD
100 1 _aRoumain, Jacques
_945687
245 1 4 _aLos gobernadores del rocío /
_cJacques Roumain ; prólogo Nicolás Guillén.
260 _aSanto Domingo :
_bTaller,
_c1974.
300 _a190 p. ;
_c22 cm.
490 1 _aBiblioteca Taller ;
_vno. 47
500 _aIncluye datos biográficos del autor en la contraportada.
500 _aIncluye notas al pie de las páginas.
650 4 _aNovela haitiana
_93196
650 4 _aLiteratura haitiana
_93197
700 1 _aGuillén, José,
_epról.
_945688
830 0 _aBiblioteca Taller ;
_n47
_945689
942 _2ddc
_cLBS1
999 _c21542
_d21542